Statistics for Top 12 Sacramento Kings of All-Time

Click here to take the quiz!

General Stats

  • This quiz has been taken 99 times
  • The average score is 5 of 12

Answer Stats

#PlayerWin Shares% Correct
1Oscar Robertson154.2
91%
11Chris Webber45.5
90%
4Peja Stojakovic59.8
78%
8Mitch Richmond50.4
51%
6Tiny Archibald53.7
44%
5Jerry Lucas57.8
37%
2Jack Twyman75.0
17%
7Sam Lacey50.4
12%
10Arnie Risen48.9
11%
9Bob Davies49.7
11%
12Scott Wedman43.8
8%
3Bobby Wanzer63.9
7%

Score Distribution

Percentile by Number Answered

Percent of People with Each Score

Your Score History

You have not taken this quiz